<?xml version="1.0" encoding="UTF-8"?>
<record
    xmlns:xsi="http://www.w3.org/2001/XMLSchema-instance"
    xsi:schemaLocation="http://www.loc.gov/MARC21/slim http://www.loc.gov/standards/marcxml/schema/MARC21slim.xsd"
    xmlns="http://www.loc.gov/MARC21/slim">

  <leader>03660pam a22003731i 4500</leader>
  <datafield tag="999" ind1=" " ind2=" ">
    <subfield code="c">29169</subfield>
    <subfield code="d">29140</subfield>
  </datafield>
  <controlfield tag="001">020183385</controlfield>
  <controlfield tag="003">EG-ScBUE</controlfield>
  <controlfield tag="005">20210613092611.0</controlfield>
  <controlfield tag="006">m    ||  d |      </controlfield>
  <controlfield tag="007">cr |||||||||||</controlfield>
  <controlfield tag="008">210429s2021    enk     o     000|0|eng|d</controlfield>
  <datafield tag="020" ind1=" " ind2=" ">
    <subfield code="z">9781839105180 (pbk.)</subfield>
  </datafield>
  <datafield tag="040" ind1=" " ind2=" ">
    <subfield code="a">StDuBDS</subfield>
    <subfield code="b">eng</subfield>
    <subfield code="e">rda</subfield>
    <subfield code="c">StDuBDS</subfield>
    <subfield code="d">Uk</subfield>
    <subfield code="d">EG-ScBUE</subfield>
  </datafield>
  <datafield tag="082" ind1="0" ind2="4">
    <subfield code="a">338.04071</subfield>
    <subfield code="b">TEA</subfield>
    <subfield code="2">23</subfield>
  </datafield>
  <datafield tag="245" ind1="0" ind2="0">
    <subfield code="a">Teaching entrepreneurship :</subfield>
    <subfield code="b">a practice-based approach.</subfield>
    <subfield code="n">Volume 2 /</subfield>
    <subfield code="c">edited Heidi M. Neck, Jeffry A. Timmons professor of entrepreneurial studies and academic director, Babson Academy for the Advancement of Global Entrepreneurial Learning, Babson College, USA, Candida G. Brush, Franklin W. Olin distinguished chair of entrepreeurship, Babson College, USA, Patricia G. Greene, professor emeritus, Babson College, USA.</subfield>
  </datafield>
  <datafield tag="264" ind1=" " ind2="1">
    <subfield code="a">Cheltenham, UK :</subfield>
    <subfield code="b">Edward Elgar Publishing,</subfield>
    <subfield code="c">2021.</subfield>
  </datafield>
  <datafield tag="300" ind1=" " ind2=" ">
    <subfield code="a">xi, 392 pages :</subfield>
    <subfield code="b">illustrations ;</subfield>
    <subfield code="c">24 cm.</subfield>
  </datafield>
  <datafield tag="336" ind1=" " ind2=" ">
    <subfield code="a">text</subfield>
    <subfield code="2">rdacontent</subfield>
    <subfield code="b">txt</subfield>
  </datafield>
  <datafield tag="337" ind1=" " ind2=" ">
    <subfield code="a">computer</subfield>
    <subfield code="2">rdamedia</subfield>
    <subfield code="b">n</subfield>
  </datafield>
  <datafield tag="338" ind1=" " ind2=" ">
    <subfield code="a">online resource</subfield>
    <subfield code="2">rdacarrier</subfield>
    <subfield code="b">nc</subfield>
  </datafield>
  <datafield tag="490" ind1="0" ind2=" ">
    <subfield code="a">Elgar guides to teaching</subfield>
  </datafield>
  <datafield tag="505" ind1="0" ind2=" ">
    <subfield code="a">Contents : 1 Introduction to Teaching Entrepreneurship, Volume Two 1 Heidi M. Neck, Candida G. Brush and Patricia G. Greene 2 Are you teaching entrepreneurially? A self-assessment 17 Heidi M. Neck, Candida G. Brush and Patricia G. Greene 3 Exercises to practice play 21 Collaborative art 22 The Babson Airplane Company 28 Puzzles and stories 35 Seated bucket ball 47 Words with frenemies 53 The bake-off playwriting activity 73 Overcoming your fears through art 79 The geometric challenge 85 4 Exercises to practice empathy 91 A day in the life 92 Idea generation &#x2013; a family affair 98 Successful pitching styles 108 Customer journey mapping 114 AEIOU observation 123 What if I were my own customer? 128 Fumbling in the dark 134 Sylvia Waterston interactive case 141 Investor negotiation 155 Target market buyer personas 170 5 Exercises to practice creation 176 Exploring growth options 177 Creating the future through the UN Sustainable Development Goals 184 Give&#x2013;get for resource acquisition 189 Pitching with the 4H Framework 196 Idea board 204 Tell me about . . . an interview role-play for need identification 210 What should public policy be for entrepreneurs? 218 Hot seat 223 6 Exercises to practice experimentation 231 Building gender acumen as an inclusive entrepreneurial leadership competence 232 Idea testing using the business model canvas 245 Mindshifts 253 Supply chain innovation to reduce ecological impact 257 The relevance and value of pivoting &#x2013; which company would you invest in? 266 Testing small in order to grow big 271 Opportunity evaluation checklist 280 Sweating the small stuff 288 Ideas in motion 300 7 Exercises to practice reflection 306 Envisioning the future 307 Why should I invest in you? 316 Uncertainty and corporate entrepreneurship &#x2013; the TMRO (Tomorrow) Framework 321 Looking in &#x2013; founder identity in new venture creation 332 Babson activity analysis 338 Designing the authentic brand called you 348 The organizational culture design game 359 Five strangers 366 Appendix: exercises categorized by topic 373 Index 377.</subfield>
  </datafield>
  <datafield tag="588" ind1=" " ind2=" ">
    <subfield code="a">Description based on CIP data; resource not viewed.</subfield>
  </datafield>
  <datafield tag="650" ind1=" " ind2="7">
    <subfield code="a">Entrepreneurship</subfield>
    <subfield code="x">Study and teaching.</subfield>
    <subfield code="2">BUEsh</subfield>
  </datafield>
  <datafield tag="653" ind1=" " ind2=" ">
    <subfield code="b">BUSECO</subfield>
    <subfield code="c">June2021</subfield>
  </datafield>
  <datafield tag="655" ind1=" " ind2=" ">
    <subfield code="v">Reading book</subfield>
    <subfield code="9">34232</subfield>
  </datafield>
  <datafield tag="700" ind1="1" ind2=" ">
    <subfield code="a">Greene, Patricia G.</subfield>
    <subfield code="q">(Patricia Gene),</subfield>
    <subfield code="d">1954-</subfield>
    <subfield code="e">editor.</subfield>
  </datafield>
  <datafield tag="700" ind1="1" ind2=" ">
    <subfield code="a">Brush, Candida G.,</subfield>
    <subfield code="e">editor.</subfield>
  </datafield>
  <datafield tag="700" ind1="1" ind2=" ">
    <subfield code="a">Neck, Heidi M.,</subfield>
    <subfield code="e">editor.</subfield>
  </datafield>
  <datafield tag="903" ind1=" " ind2=" ">
    <subfield code="a">ELD.DS.609804</subfield>
  </datafield>
  <datafield tag="942" ind1=" " ind2=" ">
    <subfield code="2">ddc</subfield>
    <subfield code="c">BB</subfield>
  </datafield>
  <datafield tag="952" ind1=" " ind2=" ">
    <subfield code="0">0</subfield>
    <subfield code="1">0</subfield>
    <subfield code="2">ddc</subfield>
    <subfield code="4">0</subfield>
    <subfield code="7">0</subfield>
    <subfield code="8">Baccah</subfield>
    <subfield code="a">MAIN</subfield>
    <subfield code="b">MAIN</subfield>
    <subfield code="c">1ST</subfield>
    <subfield code="d">2021-06-13</subfield>
    <subfield code="e">Purchase</subfield>
    <subfield code="g">750.00</subfield>
    <subfield code="l">0</subfield>
    <subfield code="o">338.04071 TEA</subfield>
    <subfield code="p">000050314</subfield>
    <subfield code="r">2025-07-15 00:00:00</subfield>
    <subfield code="v">937.50</subfield>
    <subfield code="w">2021-06-13</subfield>
    <subfield code="y">NB</subfield>
  </datafield>
  <datafield tag="952" ind1=" " ind2=" ">
    <subfield code="0">0</subfield>
    <subfield code="1">0</subfield>
    <subfield code="2">ddc</subfield>
    <subfield code="4">0</subfield>
    <subfield code="7">0</subfield>
    <subfield code="8">Baccah</subfield>
    <subfield code="a">MAIN</subfield>
    <subfield code="b">MAIN</subfield>
    <subfield code="c">1ST</subfield>
    <subfield code="d">2021-06-13</subfield>
    <subfield code="g">750.00</subfield>
    <subfield code="l">0</subfield>
    <subfield code="o">338.04071 TEA</subfield>
    <subfield code="p">000050315</subfield>
    <subfield code="r">2025-07-15 00:00:00</subfield>
    <subfield code="v">937.50</subfield>
    <subfield code="w">2021-06-13</subfield>
    <subfield code="y">BB</subfield>
  </datafield>
  <datafield tag="952" ind1=" " ind2=" ">
    <subfield code="0">0</subfield>
    <subfield code="1">0</subfield>
    <subfield code="2">ddc</subfield>
    <subfield code="4">0</subfield>
    <subfield code="7">0</subfield>
    <subfield code="8">Baccah</subfield>
    <subfield code="a">MAIN</subfield>
    <subfield code="b">MAIN</subfield>
    <subfield code="c">1ST</subfield>
    <subfield code="d">2021-06-13</subfield>
    <subfield code="e">Purchase</subfield>
    <subfield code="g">750.00</subfield>
    <subfield code="l">0</subfield>
    <subfield code="o">338.04071 TEA</subfield>
    <subfield code="p">000050316</subfield>
    <subfield code="r">2025-07-15 00:00:00</subfield>
    <subfield code="v">937.50</subfield>
    <subfield code="w">2021-06-13</subfield>
    <subfield code="y">BB</subfield>
  </datafield>
</record>
